LEADER 00989nam0-2200325---450- 001 990009725530403321 005 20130509112121.0 010 $a978-0-230-61781-0 035 $a000972553 035 $aFED01000972553 035 $a(Aleph)000972553FED01 035 $a000972553 100 $a20130509d2008----km-y0itay50------ba 101 0 $aeng 102 $aUS 105 $ay-------001yy 200 1 $a<>self-perception of early modern capitalists$f[edited by] Margaret C. Jacob and Catherine Secretan 210 $aNew York$cPalgrave Macmillan$d2008 215 $aVII, 279 p.$cill.$d22 cm 610 0 $aCommercio$aStoria$aSec. 15.-19. 676 $a381.09$v22$zita 702 1$aJacob,$bMargaret C.$f<1943- > 702 1$aSecretan,$bCatherine 801 0$aIT$bUNINA$gREICAT$2UNIMARC 901 $aBK 912 $a990009725530403321 952 $aXI A 2724$b46303$fFSPBC 959 $aFSPBC 996 $aSelf-perception of early modern capitalists$9841690 997 $aUNINA LEADER 01575oam 2200421 a 450 001 9910701525403321 005 20150721164547.0 035 $a(CKB)5470000002419836 035 $a(OCoLC)781714900 035 $a(EXLCZ)995470000002419836 100 $a20120327d2012 ua 0 101 0 $aeng 135 $aurbn||||a|||| 181 $ctxt$2rdacontent 182 $cc$2rdamedia 183 $acr$2rdacarrier 200 10$aExamining abuses of Medicaid eligibility rules$b[electronic resource] $ehearing before the Subcommittee on Health Care, District of Columbia, Census, and the National Archives of the Committee on Oversight and Government Reform, House of Representatives, One Hundred Twelfth Congress, first session, September 21, 2011 210 1$aWashington :$cU.S. G.P.O.,$d2012. 215 $a1 online resource (iii, 53 pages) 300 $aTitle from title screen (viewed on Mar. 27, 2012). 300 $aPaper version available for sale by the Supt. of Docs., U.S. G.P.O. 300 $a"Serial no. 112-90." 517 $aExamining abuses of Medicaid eligibility rules 606 $aMedicaid fraud 606 $aPoor$xNursing home care$zUnited States$xFinance 606 $aMeans tests$zUnited States 615 0$aMedicaid fraud. 615 0$aPoor$xNursing home care$xFinance. 615 0$aMeans tests 801 0$bGPO 801 1$bGPO 801 2$bGPO 801 2$bOCLCQ 801 2$bGPO 906 $aBOOK 912 $a9910701525403321 996 $aExamining abuses of Medicaid eligibility rules$93543754 997 $aUNINA